| 000 | 00913cam a22002655a 4500 | ||
|---|---|---|---|
| 001 | 1183439 | ||
| 005 | 20160808102047.0 | ||
| 008 | 971110t1998 caua frb 001 0 eng d | ||
| 020 | _a0787908487 | ||
| 020 | _a9780787908485 | ||
| 040 |
_aDLC _cDLC _dDLC _dEG-ScBUE _beng |
||
| 082 | 0 | 4 |
_a371.26 _222 _bWIG |
| 100 | 1 |
_aWiggins, Grant P., _d1950- _938874 |
|
| 245 | 1 | 0 |
_aEducative assessment : _bdesigning assessments to inform and improve student performance / _cGrant Wiggins. |
| 260 |
_aSan Francisco : _bJossey-Bass / A Wiley, _cc.1998. |
||
| 300 |
_axxi, 361 p. : _bill. ; _c29 cm. |
||
| 490 | 0 | _aJossey-Bass education series | |
| 500 | _aIndex : p. 357-361. | ||
| 504 | _aBibliography : p. 351-355. | ||
| 650 | 0 |
_aEducational tests and measurements. _2BUEsh |
|
| 651 | _2BUEsh | ||
| 653 |
_bEEENG _cAugust2015 _cDecember2015 |
||
| 650 | 0 |
_95493 _aExaminations _xDesign and construction _2BUEsh |
|
| 942 | _2ddc | ||
| 999 |
_c20690 _d20662 |
||